Loading...
| Science - Physics | 0 | 8 | 0 | 2 | 80 | 38 | 62.75 | 3 | 6 | 27.62 | 43.33 |
| Science - Other | 0 | 6 | 0 | 1 | 60 | 42 | 76.00 | 2 | 5 | 15.85 | 38.33 |
| Science - Chemistry | 0 | 6 | 0 | 2 | 60 | 33 | 77.33 | 2 | 4 | 13.69 | 32.73 |
| Science - Biology | 0 | 5 | 1 | 0 | 45 | 53 | 72.40 | 2 | 5 | 11.66 | 26.67 |
| Mythology | 0 | 4 | 0 | 1 | 40 | 72 | 89.75 | 1 | 3 | 5.94 | 20.00 |
| Fine Arts - Painting and Sculpture | 0 | 4 | 0 | 0 | 40 | 65 | 93.50 | 1 | 3 | 8.31 | 21.82 |
| Geography | 0 | 2 | 0 | 1 | 20 | 53 | 86.00 | 0 | 1 | 7.53 | 11.43 |
| Literature - British | 0 | 2 | 0 | 0 | 20 | 76 | 88.50 | 1 | 2 | 2.63 | 11.25 |
| History - World | 0 | 2 | 0 | 0 | 20 | 21 | 29.50 | 1 | 2 | 11.99 | 11.67 |
| Current Events | 0 | 1 | 0 | 1 | 10 | 108 | 108.00 | 0 | 0 | 0.18 | 8.00 |
| History - Other | 0 | 1 | 0 | 0 | 10 | 101 | 101.00 | 0 | 1 | 1.08 | 6.67 |
| Literature - American | 0 | 1 | 0 | 0 | 10 | 101 | 101.00 | 1 | 1 | 1.13 | 12.50 |
| Literature - World | 0 | 1 | 0 | 0 | 10 | 21 | 21.00 | 1 | 1 | 7.40 | 9.09 |
| Religion | 0 | 1 | 0 | 0 | 10 | 35 | 35.00 | 0 | 1 | 5.75 | 5.00 |
| Popular Culture | 0 | 1 | 1 | 0 | 5 | 41 | 41.00 | 1 | 1 | 12.99 | 20.00 |
| Fine Arts - Other | 0 | 1 | 1 | 0 | 5 | 99 | 99.00 | 0 | 0 | 1.10 | 3.33 |
| Fine Arts - Classical Music | 0 | 1 | 1 | 1 | 5 | 95 | 95.00 | 0 | 1 | 2.24 | 3.33 |
| Social Science | 0 | 1 | 1 | 0 | 5 | 71 | 71.00 | 1 | 1 | 4.13 | 8.89 |
| History - European | 0 | 1 | 3 | 0 | -5 | 64 | 64.00 | 1 | 1 | 2.09 | 4.76 |